=LDR 00000nam 2200000 4500 =001 INLIS000000000045127 =005 20141222090054.0 =006 =007 =008 =020 ##$$a 978-979-29-0750-6 =035 ##$$0010-121400000000277 =040 ##$$a NBPDMAT =082 ##$$a 616.692 06 =090 ##$$a 616.692 06 $b Res a =100 ##$$a Reswita =245 ##$$a Assisted Reproduction Technology ( ART ) : $b Menanti si buah hati , solusi medis untuk masalah reproduksi / $c Reswita =250 ##$$a Cet.1 =260 ##$$a Yogyakarta : $b Andi, $c 2009. =300 ##$$a 232 hlm. ; $c 23 cm. =500 ##$$a Indeks : hlm. 221 =650 ##$$a Intertilitas - Teknologi Reproduksi =850 ##$$a NBPDMAT